ՀՀ Գիտությունների ազգային ակադեմիայի հիմնարար գիտական գրադարան  =   Fundamental Scientific Library of NAS RA

Печень, лизосомы и питание / (Record no. 307546)

MARC details
000 -LEADER
fixed length control field 01135nam a2200277 a 4500
001 - CONTROL NUMBER
control field 000868865
003 - CONTROL NUMBER IDENTIFIER
control field AM-YeHGA
005 - DATE AND TIME OF LATEST TRANSACTION
control field 20250617145200.0
008 - FIXED-LENGTH DATA ELEMENTS--GENERAL INFORMATION
fixed length control field 120221s1977 ||||||||r|||||000|0|rus|d
040 ## - CATALOGING SOURCE
Original cataloging agency AM-YeHGA
041 0# - LANGUAGE CODE
Language code of text/sound track or separate title rus
090 ## - LOCALLY ASSIGNED LC-TYPE CALL NUMBER (OCLC); LOCAL CALL NUMBER (RLIN)
-- 309255
100 1# - MAIN ENTRY--PERSONAL NAME
Personal name Покровский, Алексей Алексеевич.
245 10 - TITLE STATEMENT
Title Печень, лизосомы и питание /
Statement of responsibility, etc. А.А. Покровский, Л.П. Крыстев; [Под ред. Т.А. Ташева]; Болгарская академия наук.
246 11 - VARYING FORM OF TITLE
Title proper/short title Liver, lysosomes and nutrition
260 ## - PUBLICATION, DISTRIBUTION, ETC.
Place of publication, distribution, etc. София :
Name of publisher, distributor, etc. [Б. и.],
Date of publication, distribution, etc. 1977.
300 ## - PHYSICAL DESCRIPTION
Extent 208 с. :
Other physical details ил. ;
Dimensions 25 см.
504 ## - BIBLIOGRAPHY, ETC. NOTE
Bibliography, etc. note Библиогр.: с. 182-199
650 14 - SUBJECT ADDED ENTRY--TOPICAL TERM
Topical term or geographic name entry element Печень
General subdivision Метаболизм
650 14 - SUBJECT ADDED ENTRY--TOPICAL TERM
Topical term or geographic name entry element Гепатоциты
650 14 - SUBJECT ADDED ENTRY--TOPICAL TERM
Topical term or geographic name entry element Биохимические явления, обмен веществ и питание
650 14 - SUBJECT ADDED ENTRY--TOPICAL TERM
Topical term or geographic name entry element Лизосомы
General subdivision Метаболизм
-- Цитология
700 1# - ADDED ENTRY--PERSONAL NAME
Personal name Крыстев, Л.П.
700 1# - ADDED ENTRY--PERSONAL NAME
Personal name Ташев, Т.А.
Relator term ред.
Relationship edt
710 2# - ADDED ENTRY--CORPORATE NAME
Corporate name or jurisdiction name as entry element Болгарская академия наук
Holdings
Withdrawn status Lost status Damaged status Not for loan Collection Home library Current library Date acquired Total checkouts Full call number Barcode Date last seen Price effective from Koha item type Public note
        General Fundamental Scientific Library Fundamental Scientific Library 09/01/2017   PII/400578 FL0410909 09/01/2017 09/01/2017 Գրքեր / Books 30 Days Loan


ՀՀ ԳԱԱ հիմնարար գիտական գրադարան
ՀՀ,Երևան 0019
Մարշալ Բաղրամյան 24/6
հեռախոս:(374-10) 52-47-50
Հետադարձ կապ

All site content, except where otherwise noted, is licensed under a
Creative Commons License